• 首页
  • 本馆介绍
  • 公告通知
  • 最新文献
  • 馆藏检索
  • 电子资源
  • 读者导购
  • 参考咨询
  • 我的图书馆
  • 登录
  • 详细信息显示
  • 放入我的书架
  • 预约/预借图书
  • 作者相关作品
  • 分类相关作品
  • 丛书相关作品
  • 出版社相关作品

书目信息

  • 表格格式
  • 工作单格式
  • 卡片格式
题名:
中国旅游导航
    
 
作者: 周涛 主编 ;中国地图出版社 编著
分册:  
出版信息: 北京   中国地图出版社  2019.01
页数: 373页
开本: 24cm
丛书名:
单 册:
中图分类: K928.9 , K992.9
科图分类:
主题词: 旅游指南--lu^ you zhi nan--中国 , 旅游图--lu^ you tu--中国
电子资源:
ISBN: 978-7-5204-0785-4
000 01235nam0 2200313 450
001 CAL 0120192677100
005 20230301154343.46
010    @a978-7-5204-0785-4@dCNY56.00
100    @a20190325d2019 em y0chiy0120 ea
101 0  @achi
102    @aCN@b110000
105    @aab z 000yy
106    @ar
200 1  @a中国旅游导航@Azhong guo lv you dao hang@d= Tourist atlas of China@zeng
205    @a第2版@b修订本@b新版
210    @a北京@c中国地图出版社@d2019.01
215    @a373页@c彩图, 地图@d24cm
300    @a便携版
314    @a书内题: 周涛主编 版权页题: 中国地图出版社编著
330    @a本书内容按照先总后分的节奏, 以序图为起点, 将散布于祖国各地的世界遗产、名山大川、名城古镇, 浓缩于图面。之后, 以省级行政区域为单元, 将全国34个省、自治区、直辖市、特别行政区的美景与风物, 展布于地图, 详述于文字, 并列出了旅途所需的必要信息, 包括交通、住宿、美食、购物、娱乐、节庆。
510 1  @aTourist atlas of China@zeng
606 0  @a旅游指南@Alu^ you zhi nan@y中国
606 0  @a旅游图@Alu^ you tu@y中国
690    @aK928.9@v5
690    @aK992.9@v5
701  0 @a周涛@Azhou tao@4主编
712 02 @a中国地图出版社@Azhong guo di tu chu ban she@4编著
801  0 @aCN@bBJXHZP@c20230228
905    @b1396883-6@dK928.9@e1219=2@f4
    
    中国旅游导航= Tourist atlas of China.-第2版,修订本,新版.-北京:中国地图出版社,2019.01
    373页:彩图, 地图;24cm
    便携版
    
    ISBN 978-7-5204-0785-4:CNY56.00
    本书内容按照先总后分的节奏, 以序图为起点, 将散布于祖国各地的世界遗产、名山大川、名城古镇, 浓缩于图面。之后, 以省级行政区域为单元, 将全国34个省、自治区、直辖市、特别行政区的美景与风物, 展布于地图, 详述于文字, 并列出了旅途所需的必要信息, 包括交通、住宿、美食、购物、娱乐、节庆。
●
相关链接 在E读中查询图书 在五车中查询图书 在当当中查询图书 在豆瓣中查询图书


正题名:中国旅游导航     索取号:K928.9/1219=2         预约/预借

序号 登录号 条形码 馆藏地/架位号 状态 备注
1 1396883   213968839   第二样本阅览室/ [索取号:K928.9/1219=2] 在馆    
2 1396884   213968848   第二借阅区/ [索取号:K928.9/1219=2] 在馆    
3 1396885   213968857   第二借阅区/ [索取号:K928.9/1219=2] 在馆    
4 1396886   213968866   第二借阅区/ [索取号:K928.9/1219=2] 在馆    
唐山师范学院图书馆 欢迎您!
大连网信软件有限公司© 版权所有